Catálogo
 En Linea

Cuando las almendras maduran / (Registro nro. 14787)

Detalles MARC
000 -CABECERA
campo de control de longitud fija 00577nam a2200181 a 4500
001 - NÚMERO DE CONTROL
campo de control 000015217
005 - FECHA Y HORA DE LA ÚLTIMA TRANSACCIÓN
campo de control 20200929164001.0
008 - DATOS DE LONGITUD FIJA--INFORMACIÓN GENERAL
campo de control de longitud fija 100203s2009 dr a 000 0 spa d
020 ## - NÚMERO INTERNACIONAL ESTÁNDAR DEL LIBRO
Número Internacional Estándar del Libro 9789993497394
040 ## - FUENTE DE LA CATALOGACIÓN
Centro catalogador/agencia de origen DO-SdBNP
Lengua de catalogación spa
Centro/agencia transcriptor BNPHU
082 ## - NÚMERO DE LA CLASIFICACIÓN DECIMAL DEWEY
Número de clasificación xxxx
Número de documento/Ítem N322c
049 ## - FONDOS LOCALES (OCLC)
Fondos de biblioteca BNPD
100 1# - ENTRADA PRINCIPAL--NOMBRE DE PERSONA
Nombre de persona Navarro Galicia, Maritza
9 (RLIN) 34446
245 10 - MENCIÓN DE TÍTULO
Título Cuando las almendras maduran /
Mención de responsabilidad, etc. Martiza Navarro Galicia ; ilustración Víctor Fco. Aquino.
260 ## - PUBLICACIÓN, DISTRIBUCIÓN, ETC.
Lugar de publicación, distribución, etc. Santo Domingo :
Nombre del editor, distribuidor, etc. Editora De Luxe,
Fecha de publicación, distribución, etc. 2009.
300 ## - DESCRIPCIÓN FÍSICA
Extensión 48 p. :
Otras características físicas il. ;
Dimensiones 28 cm.
700 1# - PUNTO DE ACCESO ADICIONAL--NOMBRE DE PERSONA
Nombre de persona Aquino, Víctor Fco.,
Término indicativo de función/relación il.
9 (RLIN) 34447
Existencias
Estado de retiro Estado de pérdida Restricciones de uso No para préstamo Código de colección Localización permanente Ubicación/localización actual Ubicación en estantería Fecha de adquisición Número de inventario Total de préstamos Signatura topográfica completa Código de barras Fecha visto por última vez Número de copia Precio válido a partir de Tipo de ítem Koha
  Extraviado     Dominicana de Servicio General General Extraviado 03.02.2010 LF1   xxxx N322c 15217-30 25.06.2020 e. 3 25.06.2020 Libro y Folleto Colección Dominicana de Servicio
  Extraviado     Dominicana de Servicio General General Extraviado 13.06.2011 LF1   xxxx N322c 15217-40 25.06.2020 e. 4 25.06.2020 Libro y Folleto Colección Dominicana de Servicio
  Extraviado     Dominicana de Servicio General General Extraviado 13.06.2011 LF1   xxxx N322c 15217-50 25.06.2020 e. 5 25.06.2020 Libro y Folleto Colección Dominicana de Servicio
      Excluido de préstamo Patrimonio Dominicano Patrimonio Dominicano Patrimonio Dominicano En catalogación 03.02.2010 LF1   xxxx N322c 15217-10 25.06.2020   25.06.2020 Libro y Folleto Colección Patrimonio Dominicano
      Excluido de préstamo Patrimonio Dominicano Patrimonio Dominicano Patrimonio Dominicano En catalogación 03.02.2010 LF1   xxxx N322c 15217-20 25.06.2020 e. 2 25.06.2020 Libro y Folleto Colección Patrimonio Dominicano

Con tecnología Koha